Xây dựng đội ngũ thẩm phán tòa án nhân dân cần kiệm, liêm chính, chí công vô tư /
Tallennettuna:
| Päätekijä: | |
|---|---|
| Aineistotyyppi: | Artikkeli |
| Aiheet: | |
| Tagit: |
Lisää tagi
Ei tageja, Lisää ensimmäinen tagi!
|
| Thư viện lưu trữ: | Thư viện Trường Đại học Đà Lạt |
|---|
| LEADER | 00814nam a2200253 4500 | ||
|---|---|---|---|
| 001 | DLU160177492 | ||
| 005 | ##20161107 | ||
| 040 | # | # | |a DLU |b vie |
| 044 | # | # | |a vn |
| 100 | # | # | |a Nguyễn Thành Thuộc. |
| 245 | # | # | |a Xây dựng đội ngũ thẩm phán tòa án nhân dân cần kiệm, liêm chính, chí công vô tư / |c Nguyễn Thành Thuộc. |
| 653 | # | # | |a Phẩm chất đạo đức |
| 653 | # | # | |a Tòa án nhân dân |
| 653 | # | # | |a Thẩm phán |
| 773 | # | # | |t Tạp chí Tòa án nhân dân |g Số9 (kì I), 2010, tr. 14-16 |
| 920 | # | # | |a Phòng Tạp chí -- Trung tâm Thông tin - Thư viện Trường Đại học Đà Lạt |
| 994 | # | # | |a DLU |
| 900 | # | # | |a True |
| 911 | # | # | |a Nguyễn Thị Mai Anh |
| 925 | # | # | |a G |
| 926 | # | # | |a A |
| 927 | # | # | |a BB |
| 980 | # | # | |a Thư viện Trường Đại học Đà Lạt |